| 000 | 00398nam a2200145Ia 4500 | ||
|---|---|---|---|
| 008 | 210210b1970 xxu||||| |||| 00| 0 eng d | ||
| 082 | _a658.3 FINP | ||
| 100 | _aFINLEY (Robert E), Ed. | ||
| 245 | _aPersonnel man and his job. | ||
| 260 |
_aBombay _bD B Taraporevala Sons & Co Pvt Ltd _c1970 |
||
| 300 | _a448 | ||
| 650 | _aPersonnel management | ||
| 690 | _aPersonnel Management | ||
| 906 | _a033044 | ||
| 999 |
_c83921 _d83921 |
||